[Event "1st Guwahati GM Open 2022"]
[Site "Guwahati"]
[Date "2022.03.19"]
[Round "9.16"]
[White "Franco Valencia, Angela"]
[Black "Nigmatov, Ortik"]
[Result "0-1"]
[WhiteElo "2116"]
[BlackElo "2445"]
[Annotator "TA"]
[PlyCount "148"]
[EventDate "2022.03.15"]
[EventCountry "IND"]
[SourceTitle "playchess.com"]
[Source "ChessBase"]
[SourceQuality "1"]

{[%evp 18,148,28,16,5,0,4,3,21,0,12,0,4,4,4,5,13,2,0,0,-11,-24,-17,-100,-110,-131,-123,-125,-132,-138,0,0,16,0,60,-62,-27,-32,0,0,0,0,0,0,0,0,0,0,51,56,123,7,9,3,109,97,106,100,122,133,146,151,216,107,100,97,204,18,18,0,0,0,0,0,0,0,-2,-4,0,0,8,8,8,0,8,0,0,0,0,0,0,0,18,8,39,12,73,73,72,82,73,8,8,8,73,51,58,24,42,42,42,-12,-13,-12,-13,-479,-466,-472,-403,-567,-562,-625,-629,-624,-622,-29970,-29971,-29968,-29970,-29957,-29960,-4906,-1777]} 1. e4 c5 2. Nf3 d6 3. d4 cxd4 4. Nxd4 Nf6 5. Nc3 a6 6. g3 e5 7. Nde2 Be7 8. Bg2 O-O 9. h3 Be6 10. O-O Nbd7 {[%cal Bb8d7,Bd7c5,Bc5a4][%mdl 32] B91: Sicilian Najdorf: 6 g3.} 11. g4 b5 12. Nd5 Bxd5 {The position is equal.} 13. exd5 Nc5 {[#]} 14. Ng3 $146 ({Predecessor:} 14. f4 Nfd7 15. Be3 Rc8 16. b3 Re8 17. fxe5 Nxe5 18. Qd2 g6 19. Nd4 Bf6 20. Rae1 {1-0 (46) Saranya,Y (1974)-Gandhi,A (2201) Ahmedabad 2019}) 14... g6 15. Bh6 Re8 16. Qd2 Nfd7 17. Rae1 Bh4 18. b4 Na4 19. Ne4 Qe7 20. Re2 (20. Bg5 $11 Bxg5 21. Nxg5) 20... f5 $17 21. gxf5 gxf5 22. Bg5 Bxg5 23. Nxg5 Nf8 {Pair of Knights!} (23... f4 $17 24. Ne6 Qf6) 24. Kh1 $11 Ng6 {To avoid f4} 25. Ne6 {Prevents Nf4.} Rac8 ({Black should play} 25... Qf7 $11) 26. Rg1 (26. f4 $1 $14) 26... Qh4 27. f4 e4 (27... exf4 $5 {[%cal Rf4f3]} 28. Rf2 (28. Qd4 Re7 $15) 28... Rc3 $11) 28. Qd4 {[%csl Ge6][%cal Rd4g7] To avoid Qf6} Re7 {Inhibits Qg7+.} 29. Bf1 Rc4 $1 30. Qd2 Rc3 31. Re3 Qf6 32. Rgg3 $36 {[%cal Re3c3][%mdl 2048] White has the initiative.} Rxe3 (32... Rc8 $11) 33. Qxe3 $14 Rb7 (33... Qa1 $14 34. Qg1 Kh8) 34. Qd4 ({Better is} 34. c4 $1 $16 {[%cal Rc4c5]}) 34... Qxd4 $11 35. Nxd4 Nb6 (35... Rd7 $11) 36. Nxf5 $16 Nxd5 37. Nxd6 Rb6 38. Nxe4 {And now c4 would win.} Ndxf4 39. c4 Re6 (39... bxc4 $16 40. Bxc4+ Kg7) 40. Nc5 ({Much less strong is} 40. cxb5 $6 Rxe4 41. bxa6 Rxb4 $16) (40. Nc3 $1 $18) 40... Re1 {[%csl LRc4,LRf1]} 41. Rg1 Re3 (41... Ne2 $16 {keeps fighting.}) 42. cxb5 $2 (42. Nxa6 $18 Nxh3 43. Bxh3 Rxh3+ 44. Kg2 Nf4+ 45. Kf1+ Kf7 46. cxb5) 42... axb5 $11 43. Rg4 h5 44. Rg5 Kg7 45. Kh2 {aiming for Rg3.} Ra3 46. h4 Rxa2+ 47. Kg3 Ra3+ 48. Kf2 Ra2+ 49. Ke3 Kh6 50. Bxb5 Ng2+ 51. Ke4 N2xh4 52. Rg1 Rb2 53. Nd3 Re2+ 54. Kd5 Ng2 55. Bd7 Rd2 56. Kc4 N6h4 {[#]} (56... N2f4 $11 57. Bf5 Ne7) 57. Kc3 $1 $16 Re2 (57... Nf3 $2 58. Rf1 $18) 58. b5 {Black must now prevent b6.} Ne3 59. Re1 (59. Rc1 $16) 59... Nd5+ $11 60. Kb3 Rd2 (60... Rxe1 $11 61. Nxe1 Nb6) 61. Re6+ Kg7 62. Ne5 Nf4 63. Re7+ Kf6 {[#]} 64. Nc6 (64. b6 $1 $14 Kxe7 65. b7) 64... Nhg6 65. Rh7 Nf8 $1 {[%csl LRd7,LRh7]} 66. Rh8 $2 {[%mdl 8192]} ({Wrong is} 66. Rh6+ $2 Kg5 67. Rxh5+ Nxh5 $19) (66. Bc8 $1 $11 {and White has nothing to worry.}) 66... Nxd7 $19 67. Kc3 Rd5 68. Rd8 (68. Nd4 $142) 68... Ne6 69. Rh8 Rxb5 {Threatens to win with ...Rc5+.} 70. Rh6+ Kf7 71. Kd2 Nf6 72. Rh8 Nf8 73. Nd4 Rd5 74. Ke3 Kg7 {What a bad dream for White.  Weighted Error Value: White=0.27 (precise) /Black=0.23 (precise)} 0-1

[Event "1st Guwahati GM Open 2022"]
[Site "Guwahati"]
[Date "2022.03.19"]
[Round "9.17"]
[White "Abhash Roimya Saikia"]
[Black "Abdisalimov, Abdimalik"]
[Result "0-1"]
[WhiteElo "1717"]
[BlackElo "2435"]
[Annotator "TA"]
[PlyCount "120"]
[EventDate "2022.03.15"]
[EventCountry "IND"]
[SourceTitle "playchess.com"]
[Source "ChessBase"]
[SourceQuality "1"]

{[%evp 15,120,0,0,-10,37,0,0,0,0,0,-12,-10,-20,-8,23,29,16,-38,-29,-20,-39,-33,-32,-40,-43,-39,0,0,0,0,0,-20,-14,-22,-20,0,0,0,0,0,0,0,0,0,0,0,0,0,0,0,0,-128,-63,-144,-144,-313,-313,-314,-299,-310,-208,-319,-319,-318,-297,-436,-460,-470,-383,-300,-283,-283,-562,-381,-201,-201,-201,-1603,-1522,-946,-1073,-1773,-1441,-835,-835,-6195,-1260,-29973,-29972,-29971,-29970,-29965,-6215,-29982,-29983,-29983,-29984,-29984,-29985,-29985,-29986,-29987,-29988,-29988,-29989,-29989,-29990]} 1. e4 c5 2. Nc3 d6 3. g3 Nc6 4. Bg2 g6 5. d3 Bg7 6. Be3 Nf6 7. h3 O-O 8. Qd2 e5 9. Nge2 {B26: Closed Sicilian: 3 g3, lines with early Be3.} Be6 (9... Nd4 $11) 10. O-O Qd7 11. Kh2 {The position is equal.} Nd4 {[%cal Oe6h3]} 12. f4 {[%cal Of4f5]} Nh5 13. f5 gxf5 {[%cal Of5f4] [#]} 14. Bh6 $146 {Inhibits f4. Qg5 is the strong threat.} ({Predecessor:} 14. exf5 Nxf5 15. Rxf5 Bxf5 16. g4 Bxg4 17. hxg4 Qxg4 18. Bh3 Qb4 19. Rg1 Kh8 20. Rg4 {0-1 (42) Weinstock,D-Franett,M Seattle 1989}) 14... f6 {[%cal Of5f4] To avoid Qg5} 15. exf5 $1 Nxf5 {[#]} 16. Bxg7 ({Better is} 16. Rxf5 $1 $11 Bxf5 17. g4) 16... Nhxg7 $15 17. Ne4 $1 {aiming for g4.} Qe7 18. g4 Nh4 19. Qh6 {[%csl LRf6,LRh4]} Nxg2 20. Kxg2 {[%cal Re4f6]} f5 (20... Bd5 21. N2g3 $11) 21. Ng5 {[%csl Gg5][%cal Rh6h7]} Bd5+ 22. Kh2 {[%csl Gg5][%cal Rh6h7]} Ne6 23. gxf5 Nxg5 (23... Qxg5 $2 24. Rg1 Rxf5 25. Rxg5+ Rxg5 26. Rg1 Rxg1 27. Kxg1 $18) 24. f6 Qf7 $1 25. Qxg5+ Kh8 {Hoping for ...Rg8.} 26. Qh6 Rg8 (26... Qg8 $2 27. Rg1 $18) 27. Rg1 {Inhibits Rg2+.} Raf8 {Really sharp!} 28. Rxg8+ $1 Rxg8 29. Rg1 {To avoid Rg2+} Rxg1 30. Kxg1 Qg6+ 31. Qxg6 hxg6 $11 {[%mdl 4096] Endgame KB-KN} 32. c4 Bc6 33. h4 (33. Nc3 $11 {keeps the balance.}) 33... Kg8 (33... d5 $1 $17 {[%cal Rd5d4] White must now prevent ...d4.} 34. cxd5 Bxd5) 34. Ng3 (34. Nc3 $1 $15) 34... d5 $1 $17 {[%cal Bd6d5,Bd5d4][%mdl 32]} ({Weaker is} 34... Kf7 35. Ne4 $15) 35. Kf2 $2 {[#] Loses the game.} (35. cxd5 $17 {was worth a try.} Bxd5 36. Kf2) 35... d4 $1 $19 ({Stronger than} 35... Kf7 36. cxd5 Bxd5 37. b3 $17) 36. h5 gxh5 37. Nxh5 Be8 ({Not} 37... Kf7 $2 38. Ke2 $19) 38. Ng3 {[#]} (38. Ng7 {was the only chance.} Bd7 39. Ke1) 38... Bg6 $1 39. Ke2 Kf7 40. Kd2 (40. Nf1 {was necessary.}) 40... Kxf6 41. Ne2 Kg5 42. Nc1 b6 43. a3 a5 {[%cal Ba7a5,Ba5a4][%mdl 32] Prevents b4.} 44. b3 Kf4 45. Ne2+ Kf3 {[%cal Oa5a4] And now ...a4! would win.} 46. Ng1+ $2 (46. a4) 46... Kg2 47. Ne2 a4 48. Nc1 Be8 {Strongly threatening ...axb3.} 49. Ke2 Kg3 50. Kd2 Kf2 (50... axb3 $142 51. Nxb3 Kf3) 51. bxa4 Bxa4 52. Na2 b5 53. cxb5 Bxb5 {( -> ...c4)} 54. Nc1 c4 {Black mates.} 55. dxc4 Bxc4 56. Nd3+ Bxd3 57. Kxd3 Kf3 58. a4 e4+ {[%cal Be5e4,Be4e3,Be3e2][%mdl 32]} 59. Kxd4 e3 60. a5 e2 {Weighted Error Value: White=0.73/Black=0.17 (very precise)} 0-1

[Event "1st Guwahati GM Open 2022"]
[Site "Guwahati"]
[Date "2022.03.19"]
[Round "9.18"]
[White "Sai Agni Jeevitesh, J."]
[Black "Arpan, Das"]
[Result "1-0"]
[WhiteElo "2316"]
[BlackElo "2155"]
[Annotator "TA"]
[PlyCount "43"]
[EventDate "2022.03.15"]
[EventCountry "IND"]
[SourceTitle "playchess.com"]
[Source "ChessBase"]
[SourceQuality "1"]

{[%evp 15,43,0,0,12,23,21,22,22,22,10,20,2,7,3,58,49,94,92,123,117,268,255,328,342,438,456,485,431,845,835]} 1. d4 d5 2. c4 e6 3. Nc3 a6 4. cxd5 exd5 5. Bf4 Nf6 6. e3 c5 7. dxc5 Bxc5 8. Nf3 Nc6 9. Be2 {D32: Tarrasch Defence: Sidelines and lines without g3.} O-O 10. O-O d4 11. exd4 {The position is equal.} Nxd4 12. Nxd4 Bxd4 {[#]} 13. Qb3 $146 ({Predecessor:} 13. Bf3 Qb6 14. Qc2 Bg4 15. Bxg4 Nxg4 16. h3 Nf6 17. Rad1 Rac8 18. Rd3 Bxc3 19. bxc3 Rc4 20. Be5 Re8 21. Bd4 Qc6 22. Qd2 Ne4 23. Qf4 Nxc3 24. Bxc3 Rxf4 {0-1 (24) Girya,O (2405)-Dauner,B (2331) Chess.com INT 2022}) 13... Be6 14. Qxb7 Ra7 ({Black should try} 14... Nd5 $11 15. Nxd5 Bxd5) 15. Qb4 a5 (15... Bxc3 $14 {should be considered.} 16. Qxc3 (16. bxc3 Nd5 $14) 16... Nd5) 16. Qa4 $16 Rb7 {[#] And now ...Rb4 would win.} 17. Nb5 $1 Bxb2 {This move loses the game for Black.} (17... Bc5 $16) 18. Rab1 $18 Nd5 19. Rxb2 Qf6 20. Bc1 {White is clearly winning.} Bd7 21. Qd4 {Inhibits Nc3.} Qg6 (21... Qxd4 $142 22. Nxd4 Rxb2) 22. Qxd5 {Weighted Error Value: White=0.07 (flawless) /Black=0.47} 1-0

[Event "1st Guwahati GM Open 2022"]
[Site "Guwahati"]
[Date "2022.03.19"]
[Round "9.19"]
[White "Divya Deshmukh"]
[Black "Trailokya, Nanda"]
[Result "1/2-1/2"]
[WhiteElo "2301"]
[BlackElo "1973"]
[Annotator "TA"]
[PlyCount "71"]
[EventDate "2022.03.15"]
[EventCountry "IND"]
[SourceTitle "playchess.com"]
[Source "ChessBase"]
[SourceQuality "1"]

{[%evp 9,71,43,78,62,72,69,72,78,77,72,75,76,77,77,93,69,82,59,67,67,60,57,66,60,68,57,79,79,79,78,112,78,78,75,77,75,75,59,70,65,90,90,124,131,125,125,183,172,211,211,200,190,202,192,206,200,223,211,221,218,404,408,408,406]} 1. e4 c5 2. Nf3 d6 3. Bb5+ Nc6 4. O-O Nf6 5. e5 dxe5 6. Nxe5 {B51: Sicilian: Moscow Variation (3 Bb5+) without 3...Bd7.} Bd7 7. Bxc6 Bxc6 8. Nxc6 {White is better.} bxc6 9. d3 e6 10. Nd2 {[#]} Qc7 $146 ({Predecessor:} 10... Be7 11. Qf3 Qd5 12. Ne4 c4 13. Bh6 Nxe4 14. dxe4 Qe5 15. Bf4 Qxb2 16. Rab1 Qa3 17. Rb7 O-O 18. Qe2 c3 19. Bc1 Qc5 20. Be3 Qa3 21. Bc1 Qc5 22. Be3 {½-½ (22) Stukopin,A (2589)-Maghsoodloo,P (2638) Voronezh 2018}) 11. Nc4 Be7 12. Bg5 {[%cal Bc1g5,Bg5h4,Bh4g3][%mdl 32]} O-O 13. Bh4 Rfd8 14. Re1 Nd5 15. Bg3 Qb7 16. a4 Nb6 {[#] Threatens to win with ...Nxc4.} 17. Nd2 (17. Na5 {feels hotter.} Qd7 18. Be5 g6 19. Qf3 Rac8 20. b3) 17... a5 {[%cal Oc5c4]} 18. Qe2 Nd5 19. Nc4 Nb6 20. Nxb6 Qxb6 21. Be5 Bf8 22. Bc3 Rd5 23. Ra3 {[%cal Ba1a3,Ba3b3,Bb3b6][%mdl 32]} g6 24. Rb3 Qd8 25. Qf3 Ra7 {To avoid Rb7} 26. Qf6 {White is more active.} Qxf6 27. Bxf6 Ra8 {Prevents Rb8.} (27... Rf5 $16) 28. Re4 $18 Rd7 29. Rb6 Rc7 30. Be5 {Prevents Bd6.} Rcc8 31. Rb7 Re8 32. h4 Rac8 33. Bc3 Ra8 34. h5 Rec8 $2 {[#]} (34... Rab8 {was necessary.} 35. Ra7 Ra8 36. Rxa5 Rxa5 37. Bxa5 Bg7) 35. hxg6 hxg6 36. Rf4 {[%mdl 32768] Weighted Error Value: White=0.05 (flawless) /Black=0.19 (very precise) . An unexpected result.} 1/2-1/2

[Event "1st Guwahati GM Open 2022"]
[Site "Guwahati"]
[Date "2022.03.19"]
[Round "9.20"]
[White "Manish Anto Cristiano F"]
[Black "Praloy Sahoo"]
[Result "1-0"]
[WhiteElo "2236"]
[BlackElo "2047"]
[Annotator "TA"]
[PlyCount "63"]
[EventDate "2022.03.15"]
[EventCountry "IND"]
[SourceTitle "playchess.com"]
[Source "ChessBase"]
[SourceQuality "1"]

{[%evp 13,63,7,6,9,14,6,12,18,66,5,54,26,75,54,77,70,118,110,125,8,21,16,105,95,134,134,137,128,184,177,144,124,206,191,157,146,196,161,212,212,278,274,258,270,388,371,412,394,541,490,529,507]} 1. d4 d5 2. c4 c6 3. Nc3 Nf6 4. e3 e6 5. Nf3 Nbd7 6. Be2 dxc4 7. a4 Bb4 8. Bxc4 {D45: Semi-Slav: 5 e3.} O-O 9. O-O Qe7 10. Qc2 {The position is equal.} e5 (10... b6 $11 {is superior.}) 11. Bb3 {[#]} (11. a5 $1 $14) 11... g6 $146 (11... b6 $11 {is more appropriate.}) ({Predecessor:} 11... b6 12. Rd1 Bb7 13. Qf5 Rae8 14. Bd2 c5 15. dxe5 Nxe5 16. Qxe5 Qxe5 17. Nxe5 Rxe5 {0-1 (40) Belozerov,A (2455)-Bocharov,D (2245) Tomsk 1998}) 12. Bd2 Bd6 (12... b6 $11 {feels stronger.}) 13. h3 {White is more active.} Kg7 14. Rfe1 e4 ({Black should play} 14... a5 $14) 15. Ng5 $16 {[%cal Rc3e4]} Nb6 16. Ngxe4 ({But not} 16. Ncxe4 Bf5 17. f3 Rae8 $11) ({White has to play} 16. f3 $1 $16) 16... Bf5 $11 {[%cal Rf6e4]} 17. f3 $36 {[%cal Bf2f3,Bf3e4][%mdl 2080] White is more active.} Bg3 18. Rf1 $16 Rae8 {[#]} 19. Qc1 $1 Nxe4 20. fxe4 Be6 (20... Bxe4 $16 {was called for.} 21. Nxe4 Qxe4) 21. Bxe6 $18 fxe6 22. Qc2 Qh4 {[#]} (22... Nc4 $16 {is a better defense.}) 23. Ne2 $1 Bf2+ 24. Kh2 {Hoping for Bb4.} g5 (24... Nd7 $16 {might work better.}) 25. Be1 {[%cal Bd2e1,Be1g3,Bg3d6][%mdl 32]} g4 (25... Bxe1 $142 26. Raxe1 g4) 26. Nf4 {The board is on fire.} g3+ 27. Kh1 Bxe3 28. Bxg3 Qg5 (28... Qe7 $142 29. a5 Nd7) 29. Ne2 Nd7 30. Qb3 b6 31. Bd6 Rf2 32. Rxf2 {Weighted Error Value: White=0.15 (very precise) /Black=0.42} 1-0

[Event "1st Guwahati GM Open 2022"]
[Site "Guwahati"]
[Date "2022.03.20"]
[Round "10.1"]
[White "Delgado Ramirez, Neuris"]
[Black "Ponkratov, Pavel"]
[Result "0-1"]
[WhiteElo "2615"]
[BlackElo "2641"]
[Annotator "TA"]
[PlyCount "112"]
[EventDate "2022.03.15"]
[EventCountry "IND"]
[SourceTitle "playchess.com"]
[Source "ChessBase"]
[SourceQuality "1"]

{[%evp 11,112,16,30,0,0,-9,0,0,-1,-8,0,0,0,-28,-26,-26,-20,-22,0,-2,0,0,0,0,0,0,0,-22,-40,-23,-29,-20,0,-14,-8,-37,-45,-38,-38,-48,-48,-48,-48,-48,-48,-48,-48,-48,-48,-48,-48,-48,-48,-159,-159,-152,-152,-152,-159,-152,-152,-147,-129,-602,-602,-587,-587,-587,-587,-554,-528,-1335,-1304,-1095,-311,-1245,-980,-1443,-1443,-1387,-1387,-1385,-1375,-1329,-1329,-1354,-1075,-8993,-8439,-8993,-7956,-6683,-5238,-5695,-5522,-6295,-5518,-6187,-6339,-4782,-4631,-4627,-4618]} 1. e4 c5 2. Nf3 Nc6 3. Nc3 d6 4. d4 cxd4 5. Nxd4 Nf6 6. Be2 g6 7. Nxc6 {B70: Sicilian Dragon: 6 g3 and 6 Be2 (without a later Be3).} bxc6 8. Be3 Qa5 9. Qd2 {The position is equal.} Bg7 {[%cal Bf8g7,Bg7f6,Bf6d4][%mdl 32]} 10. O-O O-O {[#]} 11. Rab1 $146 ({Predecessor:} 11. Rfe1 Rd8 12. Bh6 Bh8 13. Nd5 {1-0 (13) Kunkel,H-Dettweiler,C (2030) Baden 2011}) 11... Rd8 12. Nd5 Qxd2 13. Nxf6+ Bxf6 14. Bxd2 d5 15. Ba5 Rd6 16. Bd3 Bd4 17. exd5 Rxd5 18. Bb4 Bf5 {To avoid Be4} 19. Bxe7 Bxd3 20. cxd3 Re8 21. Rfe1 c5 22. g4 a5 {...f6 is the strong threat.} 23. g5 {Prevents f6.} Rf5 24. Re4 {[%cal Oe7f6]} Bxf2+ 25. Kg2 Bd4 {Prevents Bf6.} 26. Bf6 {[%cal Re4e8]} Rxe4 27. dxe4 Rf4 28. Bxd4 $1 cxd4 $15 {[%mdl 4096] Endgame KR-KR} 29. b4 $1 axb4 ({But not} 29... Rxe4 30. b5 $14 (30. bxa5 Rg4+ 31. Kf3 Rxg5 $17)) 30. Rxb4 Rxe4 31. Kf3 {Prevents Rg4.} Re3+ 32. Kf2 (32. Kg4 $15) 32... Rh3 $17 {Black is more active.} 33. Kg2 {[#]} Rh5 $1 34. Rxd4 Rxg5+ 35. Kf3 Rc5 36. a4 Rc3+ 37. Kg4 $2 {[%mdl 8192] Loses the game.} (37. Ke4 $17) 37... h5+ $19 38. Kf4 Rh3 39. Rd2 Rh4+ 40. Kg5 Rxa4 41. Kh6 {[%cal Rd2d8]} Kf8 42. Rb2 Rf4 $2 (42... Rg4 43. Ra2 Ke7) 43. Re2 $2 (43. Kg5 Rf1 44. Kh6) 43... Rf5 {Black is clearly winning.} 44. Ra2 h4 {[%csl Gg6][%cal Rf5h5]} 45. Ra8+ Ke7 46. Ra4 g5 47. Kh5 {[#]} f6 $1 {Hoping for ...Rf2.} 48. Re4+ Kf7 {aiming for ...Rf2.} 49. Re3 Rf2 50. h3 Rg2 {( -> ...f5)} 51. Ra3 Rg3 52. Ra7+ Ke6 53. Kg6 Rf3 54. Ra5 Rxh3 {And now ...Rf3 would win.} 55. Ra6+ Ke5 {Threatens to win with ...Rf3.} 56. Rxf6 Rg3 {Weighted Error Value: White=0.70/Black=0.22 (precise)} 0-1

[Event "1st Guwahati GM Open 2022"]
[Site "Guwahati"]
[Date "2022.03.20"]
[Round "10.2"]
[White "Fawzy, Adham"]
[Black "Krishna C R G"]
[Result "1-0"]
[WhiteElo "2476"]
[BlackElo "2466"]
[Annotator "TA"]
[PlyCount "63"]
[EventDate "2022.03.15"]
[EventCountry "IND"]
[SourceTitle "playchess.com"]
[Source "ChessBase"]
[SourceQuality "1"]

{[%evp 15,63,2,10,0,17,12,17,25,29,26,44,32,29,31,49,41,43,42,148,114,130,72,185,156,231,241,336,327,322,257,365,353,334,262,378,364,402,414,516,500,644,640,760,757,1023,998,1012,993,920,874]} 1. e4 e6 2. d4 d5 3. Nc3 Bb4 4. e5 c5 5. a3 Bxc3+ 6. bxc3 Qa5 7. Bd2 Qa4 8. h4 Ne7 9. h5 {C18: French: 3 Nc3 Bb4: Main line: 7 h4 and 7 Qg4.} h6 10. Qg4 {has lost popularity (10.Nf3).} Kf8 11. Rh3 {The position is equal.} Nbc6 {[%cal Oc6e5] [#] Threatens to win with ...Nxe5!} 12. Qf4 ({Reject} 12. Rg3 Nf5 13. dxc5 Qxg4 14. Rxg4 Nxe5 $11) 12... c4 13. Kd1 Bd7 14. Rf3 {[%csl Gf3][%cal Rf4f7]} Nd8 {[#]} 15. Bc1 $146 ({Predecessor:} 15. g4 Rc8 16. Bh3 Rc6 17. g5 hxg5 18. Qxg5 Rh7 19. Ne2 Ke8 20. Nf4 Bc8 21. h6 gxh6 {1-0 (39) Park,E (1972)-Kozelov,R (2149) Saint Louis 2019}) 15... Ke8 16. g4 Bb5 (16... Qa5 $14) 17. Bh3 Rc8 18. Rg3 (18. Ne2 $142) 18... g5 (18... Rh7 $16) 19. Qd2 Ndc6 (19... Qa5 $16 20. f4 gxf4 21. Qxf4 Rh7) 20. f4 $18 Kd7 21. fxg5 hxg5 22. Rf3 ({Don't do} 22. Qxg5 Rcg8 $18) 22... Rh7 (22... Rcg8 {is a better defense.} 23. Rxf7 Nd8) 23. Qf2 ({Not} 23. Qxg5 Kc7 24. Qh4 Kb8 $18) 23... Qa5 24. Bxg5 {aiming for Ne2.} Ba4 (24... Re8 $142 25. Rb1 Nd8) 25. Ne2 {[%cal Bg1e2,Be2f4,Bf4d5][%mdl 32]} Rg8 26. Bh4 {Dancing on a razor blade.} Ke8 27. Nf4 {White is clearly winning.} Qb6 28. Kc1 {Prevents Qb2+.} Nd8 29. g5 Ng6 30. hxg6 fxg6 {[#]} 31. Bxe6 $1 Nxe6 32. Nxd5 {Weighted Error Value: White=0.14 (very precise) /Black=0.50} 1-0

[Event "1st Guwahati GM Open 2022"]
[Site "Guwahati"]
[Date "2022.03.20"]
[Round "10.3"]
[White "Visakh N R"]
[Black "Sidhant, Mohapatra"]
[Result "1/2-1/2"]
[WhiteElo "2522"]
[BlackElo "2359"]
[Annotator "TA"]
[PlyCount "60"]
[EventDate "2022.03.15"]
[EventCountry "IND"]
[SourceTitle "playchess.com"]
[Source "ChessBase"]
[SourceQuality "1"]

{[%evp 13,60,8,8,8,0,10,40,22,16,10,35,0,0,-1,25,9,6,15,20,22,21,24,52,39,39,37,39,35,46,7,10,14,16,4,13,15,14,0,0,0,0,-14,0,-18,0,0,0,-29,0]} 1. d4 d5 2. c4 e6 3. Nf3 Nf6 4. g3 Be7 5. Bg2 O-O 6. O-O dxc4 7. Qc2 b5 8. a4 {E05: Open Catalan: 5 Nf3 Be7.} b4 9. Nfd2 Nd5 $1 {[%mdl 4] outshines the older 9...c6.} 10. Nxc4 {White is slightly better.} c5 $1 11. dxc5 Bxc5 12. Nbd2 (12. e4 $5 {[%cal Re4d5]} Nb6 13. Ncd2 $14) 12... Ba6 13. Nb3 {[#]} Qc8 $146 (13... Nd7 $5 {[%cal Ra8c8]}) ({Predecessor:} 13... Nd7 14. Nxc5 Nxc5 15. Ne3 Rc8 16. Nxd5 exd5 17. Bh3 Rc6 18. Be3 d4 19. Rfd1 Qe8 20. Rxd4 {½-½ (35) Sargissian,G (2682)-Dubov,D (2699) Chess.com INT 2020}) 14. Nxc5 Qxc5 15. b3 Nd7 16. Bb2 Rac8 17. Rfc1 N7b6 {[%cal Rb6c4]} 18. e4 Nc3 19. Bxc3 bxc3 20. Qxc3 Nxc4 21. bxc4 (21. Bf1 $5 {[%cal Rf1c4]}) 21... Rfd8 22. e5 Rd4 {[%cal Rd4c4]} 23. Qe3 Rxc4 24. Rxc4 Qxc4 (24... Bxc4 $2 25. Qxc5 Rxc5 26. Rc1 $18) 25. Bf1 Qc6 26. Bg2 Qc5 27. Qe1 g6 28. h4 h5 29. Rd1 Kg7 30. Ra1 Kg8 {Weighted Error Value: White=0.09 (flawless) /Black=0.07 (flawless)} 1/2-1/2

[Event "1st Guwahati GM Open 2022"]
[Site "Guwahati"]
[Date "2022.03.20"]
[Round "10.4"]
[White "Aradhya, Garg"]
[Black "Das, Sayantan"]
[Result "1-0"]
[WhiteElo "2236"]
[BlackElo "2459"]
[Annotator "TA"]
[PlyCount "109"]
[EventDate "2022.03.15"]
[EventCountry "IND"]
[SourceTitle "playchess.com"]
[Source "ChessBase"]
[SourceQuality "1"]

{[%evp 9,109,10,18,6,0,6,12,4,40,43,51,47,48,43,52,35,39,36,51,26,36,21,27,7,16,0,1,0,7,0,0,0,0,0,0,0,0,0,0,0,22,14,15,0,0,0,0,0,3,0,21,0,0,0,0,0,0,0,0,0,0,0,0,0,0,0,0,0,0,0,0,0,0,0,0,0,331,338,335,328,338,345,12828,12829,12830,12830,12830,7683,12831,12831,12832,12832,12834,12835,12833,12835,12828,4802,12843,12843,12845,12846]} 1. d4 Nf6 2. Nf3 g6 3. g3 Bg7 4. Bg2 O-O 5. O-O Ne4 {[#]} 6. Ng5 $146 {A49: 1 d4 Nf6 2 Nf3 g6 3 g3: Anti-King's Indian systems.} ({Predecessor:} 6. Nbd2 Nxd2 7. Bxd2 d6 8. c3 e5 9. dxe5 dxe5 10. e4 Nd7 11. Bg5 Qe8 12. Qd5 Nf6 13. Qxe5 Nxe4 14. Qxc7 Nxg5 15. Nxg5 {1-0 (36) Artemiev,V (2699)-Iljiushenok,I (2554) Sochi 2021}) 6... Nxg5 7. Bxg5 d5 8. Nc3 {The position is equal.} c6 9. e4 {[%cal Re4d5]} dxe4 10. Nxe4 Bf5 11. Re1 h6 12. Bf4 Nd7 13. c3 Qb6 14. Qd2 Kh7 15. a4 a5 $1 16. h3 Rad8 17. g4 Bxe4 18. Bxe4 c5 {[%cal Rc5d4]} 19. d5 Nf6 $1 {[%cal Of6d5]} 20. c4 Nxe4 21. Rxe4 e6 (21... Qxb2 $2 22. Qxb2 Bxb2 23. Rb1 $18) 22. Be5 exd5 23. Bxg7 Kxg7 24. cxd5 Qf6 25. Rd1 b6 26. d6 {Threatens to win with d7.} Rd7 27. Re3 {[%cal Be4e3,Be3d3,Bd3d5][%mdl 32]} Rfd8 {[%cal Rd7d6]} 28. Rd3 Rc8 29. Kg2 Rc6 30. Rd5 Rc8 31. b3 Re8 32. Qc2 Re6 {[%cal Re6d6]} 33. Qd2 Kh7 34. Qd3 Qf4 35. Qf3 Qxf3+ 36. Kxf3 $11 {[%mdl 4096] Endgame KRR-KRR} Kg7 37. h4 Kf8 38. R1d3 Kg8 39. h5 g5 40. Kg3 Re4 41. f3 Rf4 42. Rf5 Rb4 {[%mdl 8192] [#]} (42... c4 $1 $11 43. bxc4 Rxc4) 43. f4 $1 $18 c4 44. bxc4 gxf4+ 45. Rxf4 Rxa4 $2 (45... Rb1 46. Kf3 Re1) 46. c5 {White is clearly winning.} Rxf4 47. Kxf4 {[#] White wants to mate with c6.} bxc5 {KR-KR} 48. Ke5 Kf8 49. Kd5 c4 50. Re3 c3 51. Rxc3 Rd8 52. Ra3 Ra8 53. Kc6 a4 54. d7 f6 55. Kb7 {Weighted Error Value: White=0.05 (flawless) /Black=0.18 (very precise)} 1-0